000 01148nam a22002297a 4500
999 _c11643
_d11643
003 AR-CdUCM
008 190404b ||||| |||| 00| 0 spa d
040 _aMUNICIPALIDAD PROVINCIAL DEL CUSCO
_cBIBLIOTECA MUNICIPAL DEL CUSCO
082 _a150 /
_bA31 / 1873.
100 _aAhrens, H.
_929102
245 _aCurso de psicología /
260 _aMadrid :
_bLibreria de Victoriano Suarez,
_c1873.
300 _a310 paginas ;
_c17 cm.
500 _aDedicatoria
505 _aContenido : t.1. Introducción e historia de la psicología -- Dela naturaleza en general y de los diferentes ordenes de su vida --De la distinción del espíritu y del cuerpo, de sus relaciones -- t.2 :Del ser del espíritu en general -- De la naturaleza del espíritu -- De las facultades del espíritu y de su acción -- De la actividad del espíritu -- De la facultad de pensar y de conocimiento en particular -- Paso de la psicología a la metafísica...
650 _aPsicología
_91538
650 _aEspiritualidad
_93669
650 _aConocimiento
_95704
700 _aLizarraga, Gavino (Traductor)
_929103
942 _2ddc
_cLIBROS
945 _awnts
_d2019-04-04